[Event "AUTO-OPEN-1509"]
[Site "http://www.queenalice.com/game.php?id=570023"]
[Date "2009.4.10"]
[Round "1"]
[White "Dalri_Ultreya"]
[Black "AASFIGUEIREDO"]
[Result "0-1"]
[WhiteElo "1759"]
[BlackElo "1898"]

1. d4 d5 2. Nf3 Bg4 3. h3 Bxf3 4. exf3 e6 5. Nc3 Bb4 6. Bd2 Nc6 7. Bb5 Ne7 8.
O-O O-O 9. a3 Ba5 10. b4 Bb6 11. Bg5 Bxd4 12. Qd2 f6 13. Be3 Bxe3 14. fxe3 a6
15. Be2 b5 16. g3 e5 17. Kg2 d4 18. Ne4 dxe3 19. Qxe3 Nd4 20. Rad1 Qe8 21. Bd3
Rd8 22. c3 Ne6 23. h4 Nf5 24. Qe2 Qg6 25. Qf2 Nf4+ 26. Kh2 Nxd3 27. Qg1 Nb2 28.
Rxd8 Rxd8 29. Qb6 cxb6 30. Kh3 Nd3 31. g4 Nf4+ 32. Kh2 Nxh4 33. Kg3 Qh6 34. Rh1
Nf5+ 0-1

[Event "AUTO-OPEN-1509"]
[Site "http://www.queenalice.com/game.php?id=570024"]
[Date "2009.4.10"]
[Round "1"]
[White "AASFIGUEIREDO"]
[Black "Dalri_Ultreya"]
[Result "1-0"]
[WhiteElo "1888"]
[BlackElo "1750"]

1. e4 e5 2. Nf3 Nc6 3. Bb5 Nf6 4. O-O Nxe4 5. Bxc6 dxc6 6. Re1 Qd5 7. d3 Bf5 8.
dxe4 Qxd1 9. Rxd1 Bxe4 10. Nxe5 Bxc2 11. Re1 Be7 12. Nf3 Rd8 13. b3 Rd7 14. Ba3
Kd8 15. Bxe7+ Rxe7 16. Rxe7 Kxe7 17. Na3 Bg6 18. Re1+ Kd8 19. h4 h6 20. Ne5 Re8
21. Rd1+ Kc8 22. Nxg6 fxg6 23. Kf1 b6 24. Nc4 Re4 25. g3 Kb7 26. Rd7 g5 27. hxg5
Kc8 28. Rxg7 b5 29. gxh6 bxc4 30. h7 cxb3 31. h8=Q+ Kb7 32. axb3 1-0

[Event "Challenge"]
[Site "http://www.queenalice.com/game.php?id=573804"]
[Date "2009.4.18"]
[Round "-"]
[White "koutouzov"]
[Black "AASFIGUEIREDO"]
[Result "1/2-1/2"]
[WhiteElo "1955"]
[BlackElo "1927"]

1. Nf3 Nc6 2. d4 d5 3. g3 Bg4 4. Bg2 Qd7 5. O-O O-O-O 6. e3 Nf6 7. Qd3 Bh3 8.
Nc3 a6 9. Bd2 Nb4 10. Ne5 Nxd3 11. Nxd7 Bxg2 12. Kxg2 Nxb2 13. Nxf6 Nc4 14.
Nfxd5 Nxd2 15. Rfd1 e6 16. Rxd2 exd5 17. Rb1 c6 18. Na4 b5 19. Nb2 Kc7 20. Nd3
f6 21. Nf4 Re8 22. c3 g6 23. h4 Bd6 24. Nd3 Kb6 25. a4 h5 26. Nc5 Bxc5 27. a5+
Kb7 28. dxc5 Re4 29. Rb4 Rhe8 30. Rdd4 f5 1/2-1/2

[Event "Challenge"]
[Site "http://www.queenalice.com/game.php?id=573805"]
[Date "2009.4.18"]
[Round "-"]
[White "AASFIGUEIREDO"]
[Black "koutouzov"]
[Result "1-0"]
[WhiteElo "1915"]
[BlackElo "1957"]

1. e4 c6 2. Nc3 d5 3. Nf3 e6 4. d4 Bb4 5. Bd2 Nf6 6. e5 Bxc3 7. Bxc3 O-O 8. Bd3
h6 9. O-O Re8 10. exf6 Qxf6 11. Ne5 Nd7 12. f4 b5 13. Nxc6 a6 14. Ne5 Nxe5 15.
fxe5 Qh4 16. b4 Bd7 17. Qf3 Rf8 18. Bd2 Qxd4+ 19. Qe3 Qh4 20. Rf4 Qg5 21. Raf1
Bc6 22. Qe2 Qe7 23. Qh5 Qg5 24. Qxg5 hxg5 25. Rg4 f6 26. exf6 gxf6 27. h4 Kh8
28. hxg5 Rg8 29. Rh4+ Kg7 30. gxf6+ 1-0

[Event "Challenge"]
[Site "http://www.queenalice.com/game.php?id=589527"]
[Date "2009.5.17"]
[Round "-"]
[White "etits"]
[Black "AASFIGUEIREDO"]
[Result "1-0"]
[WhiteElo "1780"]
[BlackElo "1937"]

1. e4 e5 2. Nf3 Nc6 3. Bc4 Bc5 4. O-O Nf6 5. Nc3 O-O 6. d3 d6 7. Be3 Bxe3 8.
fxe3 Ne7 9. Qe1 a5 10. a3 d5 11. exd5 Nexd5 12. Nxd5 Nxd5 13. Nxe5 c6 14. e4 Nf6
15. Qg3 Be6 16. Kh1 Bxc4 17. Nxc4 g6 18. Qh4 Nh5 19. Qg4 Ng7 20. Rf3 f5 21. exf5
Rxf5 22. Rxf5 Nxf5 23. Rf1 Qe7 24. Nd2 Ne3 25. Qe2 Nf5 26. Qf3 Re8 27. Ne4 Qe5
28. g4 Nd4 29. Qf2 Kh8 30. Qf7 Qe7 31. Qc4 c5 32. Rf7 Qh4 33. Qxc5 Qe1+ 34. Kg2
Qe2+ 35. Nf2 Ne6 36. Qc3+ Kg8 37. Qf6 Rf8 38. Rxf8+ Nxf8 39. Qc3 b6 40. h3 Qe6
41. Ne4 Qd5 42. Kg1 Kf7 43. Qf6+ Ke8 44. Qxb6 Nd7 45. Qe3 Kf8 46. c4 Qc6 47.
Qf4+ Kg7 48. Nd6 Qb6+ 49. Kf1 Qxb2 50. Qf7+ Kh6 51. Qxd7 1-0

[Event "AUTO-OPEN-1629"]
[Site "http://www.queenalice.com/game.php?id=622147"]
[Date "2009.7.20"]
[Round "1"]
[White "aureliano"]
[Black "AASFIGUEIREDO"]
[Result "0-1"]
[WhiteElo "1518"]
[BlackElo "1921"]

1. e4 e5 2. Ne2 Nc6 3. d3 h6 4. Be3 b6 5. Nbc3 Bb4 6. a3 Bxc3+ 7. Nxc3 Nf6 8. b4
O-O 9. Be2 d6 10. Bf3 Ng4 11. h3 Nxe3 12. fxe3 Ne7 13. Nb5 c6 14. Nc3 Bb7 15.
Ne2 f5 16. Qd2 fxe4 17. dxe4 d5 18. O-O Ng6 19. Ng3 Nh4 20. Nh5 Nxf3+ 21. Rxf3
Rxf3 22. gxf3 Qg5+ 23. Ng3 Qxg3+ 24. Kf1 Qxf3+ 25. Kg1 Rf8 26. Qh2 Qxe3+ 27. Kh1
Qxe4+ 28. Kg1 Qd4+ 29. Kh1 Qxa1+ 30. Kg2 Qf1+ 31. Kg3 Qf3+ 32. Kh4 Rf4+ 33. Qxf4
Qxf4+ 34. Kh5 Qg5# 0-1

[Event "AUTO-OPEN-1629"]
[Site "http://www.queenalice.com/game.php?id=622148"]
[Date "2009.7.20"]
[Round "1"]
[White "AASFIGUEIREDO"]
[Black "aureliano"]
[Result "1-0"]
[WhiteElo "1923"]
[BlackElo "1511"]

1. e4 e5 2. Nf3 d6 3. d4 d5 4. dxe5 dxe4 5. Qxd8+ Kxd8 6. Ng5 Be6 7. Nxe4 Nc6 8.
f4 Bf5 9. Bd3 Nd4 10. c3 Ne6 11. O-O c6 12. Rd1 Bc5+ 13. Nxc5 Bg4 14. Nxe6+ Bxe6
15. Bf5+ Kc7 16. Bxe6 fxe6 17. Be3 Ne7 18. Nd2 Nf5 19. Kf2 g5 20. g3 Ne7 21.
fxg5 Nf5 22. Ne4 h5 23. h4 Ne7 24. Nf6 Ng6 25. Rd7+ Kc8 26. Bf4 a6 27. Rad1 a5
28. R1d6 c5 29. Rxe6 Rd8 30. Rxd8+ Kxd8 31. Re8+ Kc7 32. e6+ Kb6 33. Rxa8 Ne7
34. Ng8 Nf5 35. e7 Ng7 36. Be5 Ne6 37. e8=Q Nc7 38. Bxc7+ Kxc7 39. Qd8+ Kc6 40.
c4 b5 41. Ne7+ Kb7 42. Qb8# 1-0

[Event "AUTO-OPEN-1629"]
[Site "http://www.queenalice.com/game.php?id=622181"]
[Date "2009.7.20"]
[Round "1"]
[White "skorpion"]
[Black "AASFIGUEIREDO"]
[Result "1-0"]
[WhiteElo "1885"]
[BlackElo "1921"]

1. e4 e5 2. Nc3 Nf6 3. Bc4 Nc6 4. Nf3 Nxe4 5. O-O Nxc3 6. dxc3 d5 7. Bxd5 Bd7 8.
Ng5 Be6 9. Nxe6 fxe6 10. Bxc6+ bxc6 11. Qh5+ g6 12. Qxe5 Rg8 13. Qxe6+ 1-0

[Event "AUTO-OPEN-1629"]
[Site "http://www.queenalice.com/game.php?id=622182"]
[Date "2009.7.20"]
[Round "1"]
[White "AASFIGUEIREDO"]
[Black "skorpion"]
[Result "0-1"]
[WhiteElo "1923"]
[BlackElo "2043"]

1. e4 Nf6 2. e5 Nd5 3. d4 d6 4. c4 Nb6 5. exd6 exd6 6. Nc3 Be7 7. Be3 O-O 8. Bd3
Nc6 9. Qc2 h6 10. a3 Bf6 11. Nf3 Bg4 12. O-O-O d5 13. c5 Nc4 14. h3 Nxe3 15.
fxe3 Be6 16. g4 b6 17. Bf5 bxc5 18. dxc5 Rb8 19. Bxe6 fxe6 20. b4 Bxc3 21. Qxc3
Rxf3 22. Rdf1 d4 0-1

[Event "AUTO-OPEN-1657"]
[Site "http://www.queenalice.com/game.php?id=636038"]
[Date "2009.8.13"]
[Round "1"]
[White "Givanildo"]
[Black "AASFIGUEIREDO"]
[Result "0-1"]
[WhiteElo "1410"]
[BlackElo "1935"]

1. e4 e5 2. Bc4 Bc5 3. c3 Nf6 4. d4 exd4 5. cxd4 Bb4+ 6. Bd2 Qe7 7. e5 d5 8.
Qa4+ Nc6 9. Bxb4 Qxb4+ 10. Qxb4 Nxb4 11. Bb3 Nh5 12. Nf3 c6 13. O-O Nd3 14. Nbd2
Nxb2 15. Ng5 h6 16. Ngf3 Nd3 17. g3 Be6 18. a4 O-O 19. Bd1 Bh3 20. Be2 Bxf1 21.
Bxf1 Nb4 22. g4 Nf4 23. g5 hxg5 24. Nxg5 Ne6 25. h4 Nxd4 26. Ra3 Rae8 27. Re3
Nbc2 28. Rc3 Rxe5 29. Bd3 f6 30. Ngf3 Rh5 31. Bxc2 Ne2+ 32. Kf1 Nxc3 33. Bg6 Rh8
34. h5 Nxa4 35. Nd4 Rd8 36. Ne6 Rd6 37. Nc7 Kf8 38. Ne8 Rd8 39. h6 Rxh6 40. Nc7
Rxg6 41. Ne6+ Ke7 42. Nf4 Rg4 43. Nh5 Nc3 44. Nf3 a5 45. Nh2 Rh4 46. Nxg7 Rxh2
47. Nf5+ Kd7 48. Ke1 Re8+ 49. Kd2 Rh3 50. Ng7 Re2+ 51. Kc1 Rh1# 0-1

[Event "AUTO-OPEN-1657"]
[Site "http://www.queenalice.com/game.php?id=636039"]
[Date "2009.8.13"]
[Round "1"]
[White "AASFIGUEIREDO"]
[Black "Givanildo"]
[Result "1-0"]
[WhiteElo "1925"]
[BlackElo "1416"]

1. e4 e5 2. Nf3 Bd6 3. d4 exd4 4. Qxd4 f6 5. e5 Nc6 6. Qd5 Nge7 7. Qd1 fxe5 8.
Bc4 h6 9. Nc3 Bb4 10. Bd2 e4 11. Nxe4 Bd6 12. Nxd6+ cxd6 13. O-O g5 14. Bc3 Rf8
15. Qxd6 h5 16. Rfe1 g4 17. Qg6+ Rf7 18. Qxf7# 1-0

[Event "AUTO-OPEN-1657"]
[Site "http://www.queenalice.com/game.php?id=636060"]
[Date "2009.8.13"]
[Round "1"]
[White "AASFIGUEIREDO"]
[Black "limovsksan"]
[Result "1-0"]
[WhiteElo "1921"]
[BlackElo "1879"]

1. e4 e5 2. Nf3 d6 3. d4 Qe7 4. Nc3 c6 5. dxe5 dxe5 6. Bc4 b5 7. Bb3 a5 8. Ng5
Nh6 9. a4 b4 10. Ne2 f6 11. Nf3 Bg4 12. Ng3 Nd7 13. h3 Bxf3 14. Qxf3 O-O-O 15.
O-O Nc5 16. Nf5 Nxf5 17. exf5 e4 18. Qe2 Nxb3 19. Qa6+ Qb7 20. Qxb7+ Kxb7 21.
cxb3 Bc5 22. Be3 Bxe3 23. fxe3 Rd3 24. Rfe1 Rhd8 25. Kf2 Rd2+ 26. Re2 R2d3 27.
g4 Rxb3 28. Rb1 Rbd3 29. b3 Rd2 30. Ke1 Rc2 31. Rxc2 Rd3 32. Ke2 1-0

[Event "AUTO-OPEN-1657"]
[Site "http://www.queenalice.com/game.php?id=636061"]
[Date "2009.8.13"]
[Round "1"]
[White "limovsksan"]
[Black "AASFIGUEIREDO"]
[Result "1/2-1/2"]
[WhiteElo "1927"]
[BlackElo "1928"]

1. e4 e5 2. Nf3 Nc6 3. d4 Nxd4 4. Nxd4 exd4 5. Qxd4 d6 6. Bc4 h6 7. Nc3 c5 8.
Bb5+ Bd7 9. Bxd7+ Qxd7 10. Qc4 Nf6 11. Nd5 Nxd5 12. Qxd5 Be7 13. O-O O-O 14. Re1
b6 15. e5 Rae8 16. exd6 Bxd6 17. Qd2 Rxe1+ 18. Qxe1 Re8 19. Be3 Bf4 20. g3 Bxe3
21. fxe3 Qe6 22. c3 Qxe3+ 23. Qxe3 Rxe3 24. Kf2 Re7 25. Rd1 g5 1/2-1/2

[Event "AUTO-OPEN-1657"]
[Site "http://www.queenalice.com/game.php?id=636062"]
[Date "2009.8.13"]
[Round "1"]
[White "AASFIGUEIREDO"]
[Black "marcelotorres"]
[Result "1/2-1/2"]
[WhiteElo "1924"]
[BlackElo "1838"]

1. e4 e5 2. Nf3 d6 3. d4 Bg4 4. h3 Bxf3 5. gxf3 g6 6. dxe5 dxe5 7. Qxd8+ Kxd8 8.
Nc3 Bb4 9. Bd2 Nd7 10. a3 Bc5 11. Be3 f5 12. Bxc5 Nxc5 13. O-O-O+ Kc8 14. Bc4
Nf6 15. b4 Ncd7 16. Nd5 fxe4 17. Nxf6 Nxf6 18. fxe4 Nxe4 19. Rhf1 c6 20. Rde1
Ng5 21. Rxe5 Nf3 22. Re3 Rf8 23. Be2 Nd4 24. Bg4+ Nf5 25. Bxf5+ gxf5 26. Re7 h6
27. Rh7 b5 28. Rxh6 Kb7 29. Re1 Rae8 30. Rxe8 Rxe8 31. Rf6 Rh8 32. Rxf5 Rxh3 33.
Rf7+ Kb6 34. Kd2 Rxa3 35. Re7 Rf3 36. Re2 1/2-1/2

[Event "AUTO-OPEN-1657"]
[Site "http://www.queenalice.com/game.php?id=636063"]
[Date "2009.8.13"]
[Round "1"]
[White "marcelotorres"]
[Black "AASFIGUEIREDO"]
[Result "1/2-1/2"]
[WhiteElo "1834"]
[BlackElo "1928"]

1. e4 e5 2. Nf3 Nc6 3. Bb5 a6 4. Bxc6 dxc6 5. Nxe5 Qe7 6. d4 f6 7. Nf3 Qxe4+ 8.
Be3 Bg4 9. c3 O-O-O 10. O-O Bxf3 11. Qxf3 Qxf3 12. gxf3 g5 13. f4 gxf4 14. Bxf4
Bd6 15. Be3 Ne7 16. f4 Rhg8+ 17. Kh1 Nd5 18. Bd2 Rg4 19. f5 Bf4 20. Bxf4 Rxf4
21. Rxf4 Nxf4 22. Nd2 c5 23. Nf3 cxd4 24. Nxd4 c5 25. Ne6 Nxe6 26. fxe6 Re8 27.
Re1 Kc7 28. b4 cxb4 29. cxb4 Kd6 30. Rg1 Re7 31. Rd1+ Kxe6 32. Re1+ Kd6 33. Rd1+
Kc6 34. Rf1 Rf7 35. h4 1/2-1/2

[Event "AUTO-OPEN-1745"]
[Site "http://www.queenalice.com/game.php?id=676230"]
[Date "2009.11.2"]
[Round "1"]
[White "alexsandrob3478"]
[Black "AASFIGUEIREDO"]
[Result "1-0"]
[WhiteElo "1897"]
[BlackElo "1946"]

1. d4 d5 2. c4 e6 3. Nc3 Nf6 4. Nf3 Bb4 5. e3 O-O 6. Qc2 Ne4 7. Bd3 f5 8. O-O b6
9. cxd5 exd5 10. Ne5 c6 11. Bd2 Nxd2 12. Qxd2 Bd6 13. Rac1 Bb7 14. Qc2 g6 15. f4
Nd7 16. Ne2 Rc8 17. Qa4 a5 18. a3 b5 19. Qb3 a4 20. Qd1 Rc7 21. Rc2 c5 22. Bxb5
Nb6 23. dxc5 Bxc5 24. Nd4 Rf6 25. Qe2 Bxd4 26. exd4 Kg7 27. Rfc1 Rxc2 28. Qxc2
Kg8 29. Bxa4 Nxa4 30. Qxa4 Qa8 31. Qxa8+ 1-0

[Event "AUTO-OPEN-1745"]
[Site "http://www.queenalice.com/game.php?id=676231"]
[Date "2009.11.2"]
[Round "1"]
[White "AASFIGUEIREDO"]
[Black "alexsandrob3478"]
[Result "1/2-1/2"]
[WhiteElo "1928"]
[BlackElo "1906"]

1. e4 c5 2. Nf3 Nc6 3. d4 cxd4 4. Nxd4 Nf6 5. Nc3 e6 6. Ndb5 d6 7. Bf4 e5 8. Bg5
a6 9. Bxf6 gxf6 10. Na3 Be6 11. Bc4 b5 12. Bd5 Qb6 13. Bxc6+ Qxc6 14. Nd5 Bxd5
15. Qxd5 Qxd5 16. exd5 f5 17. c3 Rc8 18. Nc2 Rg8 19. g3 a5 20. O-O-O Kd7 21. Kb1
h5 22. Rhg1 Rc4 23. Ne3 Rc5 24. Nxf5 Be7 25. h4 Rgc8 26. Ng7 Rh8 27. Nf5 Bf6 28.
f3 Rb8 29. g4 Rg8 30. Nh6 Rg7 31. g5 1/2-1/2

[Event "AUTO-OPEN-1745"]
[Site "http://www.queenalice.com/game.php?id=676246"]
[Date "2009.11.2"]
[Round "1"]
[White "pjhunt"]
[Black "AASFIGUEIREDO"]
[Result "1-0"]
[WhiteElo "2458"]
[BlackElo "1950"]

1. c4 e5 2. Nc3 Nc6 3. Nf3 Nf6 4. e3 Bb4 5. Qc2 O-O 6. Nd5 Re8 7. a3 Bf8 8. Bd3
g6 9. Nxf6+ Qxf6 10. Be4 b6 11. b4 Rb8 12. h4 Bb7 13. h5 d6 14. hxg6 fxg6 15.
Qa4 Nxb4 16. Bxb7 Nd3+ 17. Ke2 Nc5 18. Bd5+ Kh8 19. Qc2 Rbc8 20. Bb2 Bg7 21. g4
c6 22. g5 Qe7 23. Rxh7+ Kxh7 24. Rh1+ Bh6 25. Rxh6+ 1-0

[Event "AUTO-OPEN-1745"]
[Site "http://www.queenalice.com/game.php?id=676247"]
[Date "2009.11.2"]
[Round "1"]
[White "AASFIGUEIREDO"]
[Black "pjhunt"]
[Result "0-1"]
[WhiteElo "1948"]
[BlackElo "2459"]

1. e4 c5 2. Nf3 d6 3. Bb5+ Bd7 4. Bxd7+ Qxd7 5. O-O Nc6 6. c3 Nf6 7. Re1 e6 8.
d4 cxd4 9. cxd4 d5 10. e5 Ne4 11. Nbd2 Nxd2 12. Bxd2 Be7 13. Qc2 O-O 14. Rad1 f5
15. exf6 Bxf6 16. Ng5 Bxg5 17. Bxg5 Rf5 18. Qd2 Nxd4 19. h3 Nc6 20. Bh4 Raf8 21.
g4 Ne5 22. Kh1 Nf3 23. Qe3 Re5 24. Qc3 Rxe1+ 25. Rxe1 d4 0-1